000 00506nam a2200133Ia 4500
008 100328s9999 xx 000 0 und d
082 _b13556
100 _aवूऱ्हिस जेरी
245 _aअमेरिकेतील सहकारी संस्था
260 _bमहाराष्ट्र
630 _aअमेरिकेतील सहकारी संस्था
730 _aअमेरिकेतील सहकारी संस्था
942 _cBOOK
999 _c508617
_d508614